Araştırma yöntemlerine giriş: araştırma projesi yürüten tüm araştırmacılar için pratik bir klavuz (Record no. 13331)

000 -LEADER
fixed length control field 01980nmm a2200529 a 4500
001 - CONTROL NUMBER
control field ocm0001232106
003 - CONTROL NUMBER IDENTIFIER
control field TR-IsHL
005 - DATE AND TIME OF LATEST TRANSACTION
control field 20201028155920.0
008 - FIXED-LENGTH DATA ELEMENTS--GENERAL INFORMATION
fixed length control field 150709s2015 tu tur
007 - PHYSICAL DESCRIPTION FIXED FIELD--GENERAL INFORMATION
fixed length control field cr cn
020 ## - INTERNATIONAL STANDARD BOOK NUMBER
International Standard Book Number 9786059831093
035 ## - SYSTEM CONTROL NUMBER
System control number 1232106
-- (N$T)
050 04 - LIBRARY OF CONGRESS CALL NUMBER
Classification number Q180.55.
Item number D3919 2015
090 04 - LOCALLY ASSIGNED LC-TYPE CALL NUMBER (OCLC); LOCAL CALL NUMBER (RLIN)
Classification number (OCLC) (R) ; Classification number, CALL (RLIN) (NR) Q180.55.
Local cutter number (OCLC) ; Book number/undivided call number, CALL (RLIN) D3919 2015
100 1# - MAIN ENTRY--PERSONAL NAME
Personal name Dawson, Catherine
245 10 - TITLE STATEMENT
Title Araştırma yöntemlerine giriş: araştırma projesi yürüten tüm araştırmacılar için pratik bir klavuz
Medium [electronic resource] /
Statement of responsibility, etc. Catherine Dawson ; çeviri editörü Asım Arı ; çeviri ekibi Aylin Soysal, Çetin Toraman, Emel Akay, Ferit Acar, Gökhan Kayır, Gökay Yüksel, Halil İbrahim Karabulut, Mehmet Fatih Kaya, Murat Polat
250 ## - EDITION STATEMENT
Edition statement 4. basımdan çeviri
260 ## - PUBLICATION, DISTRIBUTION, ETC.
Place of publication, distribution, etc. Konya :
Name of publisher, distributor, etc. Eğitim Akademi Yayınevi,
Date of publication, distribution, etc. 2015
300 ## - PHYSICAL DESCRIPTION
Extent 129 p.
500 ## - GENERAL NOTE
General note Kaynakça ve dizin var.
International Standard Serial Number (SE) [OBSOLETE]
650 #4 - SUBJECT ADDED ENTRY--TOPICAL TERM
Topical term or geographic name entry element Genel Çalışmalar
650 #4 - SUBJECT ADDED ENTRY--TOPICAL TERM
Topical term or geographic name entry element General Works
650 #0 - SUBJECT ADDED ENTRY--TOPICAL TERM
Topical term or geographic name entry element Bilim
General subdivision Metodoloji
650 #0 - SUBJECT ADDED ENTRY--TOPICAL TERM
Topical term or geographic name entry element Science
General subdivision Methodology.
650 #0 - SUBJECT ADDED ENTRY--TOPICAL TERM
Topical term or geographic name entry element Araştırma
General subdivision Metodoloji
650 #0 - SUBJECT ADDED ENTRY--TOPICAL TERM
Topical term or geographic name entry element Research
General subdivision Methodology.
650 #0 - SUBJECT ADDED ENTRY--TOPICAL TERM
Topical term or geographic name entry element Araştırma
General subdivision Metodoloji
-- Çalışma ve öğretim
650 #0 - SUBJECT ADDED ENTRY--TOPICAL TERM
Topical term or geographic name entry element Research
General subdivision Methodology
-- Study and teaching.
650 #0 - SUBJECT ADDED ENTRY--TOPICAL TERM
Topical term or geographic name entry element Sosyal bilimler
General subdivision Araştırma
-- Metodoloji
650 #0 - SUBJECT ADDED ENTRY--TOPICAL TERM
Topical term or geographic name entry element Social sciences
General subdivision Research
-- Methodology.
650 #0 - SUBJECT ADDED ENTRY--TOPICAL TERM
Topical term or geographic name entry element Eğitim
General subdivision Araştırma
-- Metodoloji
650 #0 - SUBJECT ADDED ENTRY--TOPICAL TERM
Topical term or geographic name entry element Education
General subdivision Research
-- Methodology.
650 #0 - SUBJECT ADDED ENTRY--TOPICAL TERM
Topical term or geographic name entry element Rapor yazma
650 #0 - SUBJECT ADDED ENTRY--TOPICAL TERM
Topical term or geographic name entry element Report writing.
650 #7 - SUBJECT ADDED ENTRY--TOPICAL TERM
Topical term or geographic name entry element SOCIAL SCIENCE / Research
Source of heading or term bisacsh
700 1# - ADDED ENTRY--PERSONAL NAME
Personal name Arı, Asım
700 1# - ADDED ENTRY--PERSONAL NAME
Personal name Soysal, Aylin
700 1# - ADDED ENTRY--PERSONAL NAME
Personal name Toraman, Çetin
700 1# - ADDED ENTRY--PERSONAL NAME
Personal name Akay, Emel
700 1# - ADDED ENTRY--PERSONAL NAME
Personal name Acar, Ferit
700 1# - ADDED ENTRY--PERSONAL NAME
Personal name Kayır, Gökhan
700 1# - ADDED ENTRY--PERSONAL NAME
Personal name Yüksel, Gökay
700 1# - ADDED ENTRY--PERSONAL NAME
Personal name Karabulut, Halil İbrahim
700 1# - ADDED ENTRY--PERSONAL NAME
Personal name Kaya, Mehmet Fatih
700 1# - ADDED ENTRY--PERSONAL NAME
Personal name Polat, Murat
856 40 - ELECTRONIC LOCATION AND ACCESS
Uniform Resource Identifier <a href="http://search.ebscohost.com/login.aspx?direct=true&scope=site&db=e011xww&AN=1232106">http://search.ebscohost.com/login.aspx?direct=true&scope=site&db=e011xww&AN=1232106</a>
Holdings
Withdrawn status Lost status Source of classification or shelving scheme Damaged status Not for loan Collection code Permanent Location Current Location Date acquired Total Checkouts Full call number Barcode Date last seen Price effective from Koha item type
        Online   Kıbrıs Amerikan Üniversitesi Kütüphanesi / American University of Cyprus Kıbrıs Amerikan Üniversitesi Kütüphanesi / American University of Cyprus 28.10.2020   Q180.55. D3919 2015 1232106 28.10.2020 28.10.2020 E-Kitap
Devinim Yazılım Eğitim Danışmanlık tarafından Koha'nın orjinal sürümü uyarlanarak geliştirilip kurulmuştur.